1926 1794 1124 1905 1453 1399 1425 1232 1050 1437 1307 1095 1690 1384 1590 1567 1689 1365 1637 1284 1423 1803 1643 1251 1911 1233 1474 1536 1954 1742 1770 1058 1669 1271 1694 1395 1238 1966 1233 1574 1905 1362 1136 1542 1817 1634 1593 1045 1116 1568 1872 1927 1161 1991 1109 1539 1372 1392 1798 1599 1218 1200 1926 1073 1562 1853 1604 1543 1672 1160 1098 1795 1599 1980 1121 1010 1812 1151 1457 1779 1866 1453 1411 1234 1529 1863 1093 1098 1845 1088 1657 1305 1310 1205 1681 1786 1617 1015 1235 BCNSPRNW ULIB Ver.6.0+V

เปลี่ยนเป็นภาษาไทย

Change to English
 แสดงรายละเอียดบรรณานุกรม
  กลับหน้าหลัก

Brief Record : Get Marc (ISO 2709) : E-mail record : QR code < ปิดหน้าต่าง
LEADER : 00000nam 2200000uu 4500
001    13399111748
003     ULIB
008    110707s2552||||th 000 0 tha d
020    9786167162003
050 04 DS566^bส732ท 2552
100 0  สิริยากร พุกกะเวส
245 00 เที่ยวเชียงใหม่ ประวัติศาสตร์ พิพิธภัณฑ์ แกลเลอรี่ ตลาด ร้านอาหาร คาเฟ่ ช้อปปิ้ง โรงแรม ฯลฯ =^bWe love Chiang Mai/^cสิริยากร พุกกะเวส,บรรณษธิการ
246 31 We love Chiang Mai
250    พิมพ์ครั้งที่ 2
260    กรุงเทพฯ :^bOOM,^c2552
300    185 หน้า :^bภาพประกอบ
651  7 เชียงใหม่^xภูมิประเทศและการท่องเที่ยว
945    ^p265^l0^i027614
945    ^p265^l0^i027613
995    ทศพร
999 ^a ใช้งานได้ทุกระบบ
รายการนี้ยังไม่มีแท็ก
คุณยังไม่ได้ล็อกอิน คุณสามารถมีกิจกรรมร่วมกับเว็บไซต์ได้ แต่ต้องล็อกอินก่อน ::
  ล็อกอิน

รายการสื่อสารสนเทศ

ลำดับที่ ประเภท เลขเรียก/บาร์โค้ด สถานที่ สถานะ
- ไม่พบข้อมูล -

BibComment


ยังไม่เคยถูกคอมเมนท์

คอมเมนท์ทรัพยากรรายการนี้
  คอมเมนท์: เที่ยวเชียงใหม่ ป..


 Copyright 2026. Bcnsprnw @Library